L'integration du travailleur a l'entreprise

Đã lưu trong:
Sonraí Bibleagrafaíochta
Príomhúdar: Payet, Maurice
Formáid: Leabhar
Teanga:Undetermined
Foilsithe: Paris Payot 1961
Ábhair:
Clibeanna: Cuir Clib Leis
Gan Chlibeanna, Bí ar an gcéad duine leis an taifead seo a chlibeáil!
Thư viện lưu trữ: Trung tâm Học liệu Trường Đại học Cần Thơ
LEADER 00451nam a2200169Ia 4500
001 CTU_78767
008 210402s9999 xx 000 0 und d
082 |a 306.36 
082 |b P344 
100 |a Payet, Maurice 
245 0 |a L'integration du travailleur a l'entreprise 
245 0 |c Maurice Payet 
260 |a Paris 
260 |b Payot 
260 |c 1961 
650 |a Industrial sociology 
980 |a Trung tâm Học liệu Trường Đại học Cần Thơ